00634 2200241 4500001002100000005001800021008004100039020001800080035002400098041000800122043001500130090001900145100002900164245003700193250001100230260003400241300002500275650002400300850001200324990001900336990001800355990001900373YOGYA-0111000000080120110127082641928 ind  a979-1073-24-4 0010-011100000000801 aIND aYOPDYOG[B] a371.4042 Nur B aNurihsan, Achmad Juntika aBimbingan dan Konseling dalam... aCet. 1 aBandungbRefika Aditamac2006 axi, 120 hlm.; 24 cm. aBimbingan konseling aYOPDYOG a474-PD/P.08b1 a08P0000473b1 a472-PD/P.08b1